Quizzes
Events
Quiz Creation
Community
Videos
Private Events
Remove Ads
Sign In
Join for FREE
Feedback
Dark Mode
Quiz Categories
Sports
Geography
Music
Movies
Television
Just For Fun
Miscellaneous
History
Literature
Language
Science
Gaming
Entertainment
Religion
Holiday
For Kids
Quiz Lab
Recent
Popular Today
Quiz Kudos Today
Editor Picks
Curator Picks
Quizzes by...
Day
Popularity
Type
Ratings
Length
Year
Community
Subscriptions
Recent Discussions
Orange Saloon
Badges
Playlists
Quests
Create
Leaderboards
Showdown
Live 5
Trivia Bingo
Activity
Puzzle Library
Sporcle Events
Private Events
Virtual Trivia
Globe League
Become a Host
Pub Owners
SporcleCon
Opinionation
Our Games
Videos
Blog
Mobile Apps
Partnerships
Remove Ads and Go Orange
Feedback
Music
Pop Music
The Beatles
Song
Album
Lyrics
Bands
Singers
Artist
Clip
Rock
Rap
Classical
Billboard
Country Music
Kpop
Taylor Swift
Music
Pop Music
The Beatles
Song
Album
Lyrics
Bands
Singers
Artist
Clip
Rock
Rap
Classical
Billboard
Country Music
Kpop
Taylor Swift
Random Quiz
Search Sporcle
×
Quiz Lab
Quiz Lab
Music
Awards Winners
Type in answers that appear in a list
Type in answers that appear in a list
Classic
Best Score? Go Orange.
Mercury Prize Winners Stats
Can you name the Mercury Prize Winners?
By
Joe711
5m
19 Questions
14 Plays
14 Plays
14 Plays
Comments
Comments
Give Quiz Kudos
Give Quiz Kudos
-
- Ratings
hide this ad
More Info
Replay
Link that replays current quiz
Next Quiz
Link to next quiz in quiz playlist
You Got
0%
They Got
Avg Score
51%
Avg Friend Score
Upgrade to see
Score Distribution
Jump to the score distribution portion of the page
Score
0/19
Timer
05:00
0
Plays Today
Artist
Album
% Correct
Primal Scream
Screamadelica
78.6%
Pulp
Different Class
78.6%
Franz Ferdinand
Franz Ferdinand
78.6%
Suede
Suede
71.4%
Arctic Monkeys
Whatever People Say I Am, That's What I'm Not
71.4%
Dizzee Rascal
Boy in da Corner
64.3%
Portishead
Dummy
64.3%
Anthony and the Johnsons
I Am a Bird Now
57.1%
Elbow
The Seldom Seen Kid
50%
The xx
xx
50%
Artist
Album
% Correct
Gomez
Bring It On
42.9%
Badly Drawn Boy
The Hour of Bewilderbeast
42.9%
PJ Harvey
Stories from the City, Stories from the Sea
42.9%
Talvin Singh
Ok
35.7%
Klaxons
Myths of the Near Future
35.7%
Speech Debelle
Speech Therapy
35.7%
M People
Elegant Slumming
28.6%
Roni Size/
Reprazent
New Forms
28.6%
Ms. Dynamite
A Little Deeper
14.3%
Quiz Playlist
Details
Report
Send in Message
Add To Playlist
More Info:
Guess the award winning albums from the artist named.
Classic:
Type in answers that appear in a list
Last Updated: Feb 16, 2017
Quiz Scoreboard
CHALLENGE
Sign Up to Join the Scoreboard
Show All
Scores
Hide
Comments
May contain spoilers
Recently Published
TV Characters by Other Roles V
by ghcgh
Television
5m
Decade Duel: World Leaders
by jenniferyan
History
4m
Alphabetical 'K' Countries by Flag Minefield
by ylime102
Geography
3m
More to Explore
Quiz From the Vault
Featured Blog Post
15 Basketball Trivia Facts You Can Be March Mad About
hide this ad
You Might Also Like...
Tags
Awards Winners
Today's Top Quizzes in Music
Browse Music
hide this ad
Today's Top Quizzes in Awards Winners
Browse Awards Winners
Top Contributed Quizzes in Music
1
Taylor Swift All Songs (2024)
2
Decade Duel: Singer
3
Taylor Swift Logic Puzzle
4
KPOP LOGIC QUIZ
5
Guess The Taylor Swift Lyrics Song #1
6
Guess the Taylor Swift song (Mystery Song)
7
A Taylor Swift Logic Puzzle
8
2 word kpop group match
9
Madness Songs By Image
10
kpop group name match up
Explore More
Trending Topics
Crossword
NBA
Anime
Disney
Kpop
Harry Potter
Marvel
WWE
Puzzle
Country
Soccer
Song
NFL
The Office
Pokémon
hide this ad
More By:
Joe711
Quiz
Plays
Rating
Category
Featured
Created
Mercury Prize Winners
14
Music
Jan 6, 2011
Go to Creator's Profile
Score Distribution
Quiz Creator Spotlight
Joe711
Follow
Send a Message
Quizzes Created
-
Created Quiz Play Count
-
More By This Creator
Popular Quizzes Today
1
Countries of Asia Without Outlines Minefield
2
Find the US States - No Outlines Minefield
3
Pick 6: Fruits
4
The Countries of the World
5
Find the Countries of Europe - No Outlines Minefield
6
Alphabetical 'K' Countries by Flag Minefield
7
Find the US States
8
US States
More Music Quizzes
COLOR-CODED Songs
Published
Trending Quizzes
Pick 6: Mountains
Pick 6: Harry Potter
Pick 6: NFL Teams
Pick 6: Flags
C Names for Actors
Recently Updated
Adaptations: Name the Title
pecheneg
NWSL Teams
pecheneg
Women's Final Four Teams by Year
bhenderson79
Presidents Quartet II
eogle
Anything But Clue(do)
eogle
Anything But Oceanian Capitals
eogle
Anything But 7
eogle
Anything But Thing
eogle
Word Ladder: February 29
pecheneg
Song Title Questions
pecheneg
Trending Topics
Anime
Disney
NBA
Marvel
Crossword
Kpop
Harry Potter
Country
Song
Soccer
The Office
WWE
Puzzle
NFL
Pokémon
Your Account Isn't Verified!
In order to create a playlist on Sporcle, you need to verify the email address you used during registration. Go to your
Sporcle Settings
to finish the process.
Report this User
Report this user for behavior that violates our
Community Guidelines
.
Details:
Send Report
Go to the Sporcle.com Mobile Site →
Comments